| 000 -LEADER |
| fixed length control field |
01693cas a2200457 a 4500 |
| 001 - CONTROL NUMBER |
| control field |
11278080 |
| 003 - CONTROL NUMBER IDENTIFIER |
| control field |
NUST |
| 005 - DATE AND TIME OF LATEST TRANSACTION |
| control field |
20220628123447.0 |
| 008 - FIXED-LENGTH DATA ELEMENTS--GENERAL INFORMATION |
| fixed length control field |
840712c19uu9999pk mr lw 0 a0eng |
| 010 ## - LIBRARY OF CONGRESS CONTROL NUMBER |
| LC control number |
83930400 |
| 035 ## - SYSTEM CONTROL NUMBER |
| System control number |
(OCoLC)ocm10941349 |
| 037 ## - SOURCE OF ACQUISITION |
| Source of stock number/acquisition |
Monthly Law Digest Office, Katchery Rd., Lahore |
| 038 ## - RECORD CONTENT LICENSOR |
| Staff Name |
waseem |
| 040 ## - CATALOGING SOURCE |
| Original cataloging agency |
DLC |
| Language of cataloging |
eng |
| Transcribing agency |
DLC |
| Modifying agency |
CRL |
| -- |
DLC |
| -- |
OCLCQ |
| -- |
OCLCF |
| -- |
OCLCO |
| -- |
OCLCA |
| -- |
OCLCQ |
| 042 ## - AUTHENTICATION CODE |
| Authentication code |
pcc |
| 043 ## - GEOGRAPHIC AREA CODE |
| Geographic area code |
a-pk--- |
| 050 00 - LIBRARY OF CONGRESS CALL NUMBER |
| Classification number |
LAW |
| 082 0# - DEWEY DECIMAL CLASSIFICATION NUMBER |
| Classification number |
348.5491046 |
| Edition number |
19 |
| Author Mark |
MON |
| 245 04 - TITLE STATEMENT |
| Title |
The Monthly Law Digest 2014 / |
| Statement of responsibility, etc. |
Edited by Muhammad Anwar Khokhar ; Muhammad Wahaj Azhar ; Kashif Mir Zubair |
| 260 ## - PUBLICATION, DISTRIBUTION, ETC. |
| Place of publication, distribution, etc. |
Lahore : |
| Name of publisher, distributor, etc. |
P.L.D Publishers, |
| Date of publication, distribution, etc. |
2014. |
| 300 ## - PHYSICAL DESCRIPTION |
| Extent |
volumes ; |
| Dimensions |
23 cm |
| 310 ## - CURRENT PUBLICATION FREQUENCY |
| Current publication frequency |
Monthly |
| 336 ## - CONTENT TYPE |
| Content type term |
text |
| Content type code |
txt |
| Source |
rdacontent |
| 337 ## - MEDIA TYPE |
| Media type term |
unmediated |
| Media type code |
n |
| Source |
rdamedia |
| 338 ## - CARRIER TYPE |
| Carrier type term |
volume |
| Carrier type code |
nc |
| Source |
rdacarrier |
| 500 ## - GENERAL NOTE |
| General note |
"Digest of cases and statutes reported in all the law journals of Pakistan during the current month." |
| 580 ## - LINKING ENTRY COMPLEXITY NOTE |
| Linking entry complexity note |
Issued also in an annual cumulation. |
| 588 ## - SOURCE OF DESCRIPTION NOTE |
| Source of description note |
Description based on: Pt. 1 (Jan. 1983); title from cover. |
| 590 ## - LOCAL NOTE (RLIN) |
| Local note |
SERBIB/SERLOC merged record |
| 650 #0 - SUBJECT ADDED ENTRY--TOPICAL TERM |
| Topical term or geographic name entry element |
Law reports, digests, etc. |
| Geographic subdivision |
Pakistan. |
| 650 #0 - SUBJECT ADDED ENTRY--TOPICAL TERM |
| Topical term or geographic name entry element |
Law |
| Geographic subdivision |
Pakistan |
| Form subdivision |
Digests. |
| 9 (RLIN) |
55109 |
| 650 #7 - SUBJECT ADDED ENTRY--TOPICAL TERM |
| Topical term or geographic name entry element |
Law. |
| Source of heading or term |
fast |
| Authority record control number or standard number |
(OCoLC)fst00993678 |
| 9 (RLIN) |
35302 |
| 650 #7 - SUBJECT ADDED ENTRY--TOPICAL TERM |
| Topical term or geographic name entry element |
Law reports, digests, etc. |
| Source of heading or term |
fast |
| Authority record control number or standard number |
(OCoLC)fst00994106 |
| 651 #7 - SUBJECT ADDED ENTRY--GEOGRAPHIC NAME |
| Geographic name |
Pakistan. |
| Source of heading or term |
fast |
| Authority record control number or standard number |
(OCoLC)fst01210275 |
| 655 #7 - INDEX TERM--GENRE/FORM |
| Genre/form data or focus term |
Digests. |
| Source of term |
fast |
| Authority record control number |
(OCoLC)fst01423795 |
| 775 1# - OTHER EDITION ENTRY |
| Title |
Monthly law digest (Annual) |
| Record control number |
(DLC)sn 88043112 |
| -- |
(OCoLC)17958144 |
| 906 ## - LOCAL DATA ELEMENT F, LDF (RLIN) |
| a |
7 |
| b |
cbc |
| c |
serials |
| d |
2 |
| e |
ncip |
| f |
19 |
| g |
n-oclcserc |
| 942 ## - ADDED ENTRY ELEMENTS (KOHA) |
| Source of classification or shelving scheme |
|
| Koha item type |
Reference |
| Serial record |
1 |